Organisational Behaviour (Record no. 502)

MARC details
000 -LEADER
fixed length control field 00399nam a22001697a 4500
005 - DATE AND TIME OF LATEST TRANSACTION
control field 20160504100313.0
008 - FIXED-LENGTH DATA ELEMENTS--GENERAL INFORMATION
fixed length control field 160504b xxu||||| |||| 00| 0 eng d
020 ## - INTERNATIONAL STANDARD BOOK NUMBER
ISBN 0-07-120-412-1
041 ## - LANGUAGE CODE
Language code of text/sound track or separate title eng
082 ## - DEWEY DECIMAL CLASSIFICATION NUMBER
Item number 1228
100 ## - MAIN ENTRY--AUTHOR NAME
Personal name Luthaus Fred
245 ## - TITLE STATEMENT
Title Organisational Behaviour
260 ## - PUBLICATION, DISTRIBUTION, ETC. (IMPRINT)
Place of publication New York
Name of publisher Mc graw hill
Year of publication 2002
300 ## - PHYSICAL DESCRIPTION
Number of Pages 643
650 ## - SUBJECT ADDED ENTRY--TOPICAL TERM
Topical Term Management
942 ## - ADDED ENTRY ELEMENTS (KOHA)
Koha item type Books
Holdings
Lost status Damaged status Home library Current library Date acquired Full call number Accession Number Koha item type
Lost   JRU Library JRU Library 04/05/2016 1228 1228 Books